00493nam a2200157Ia 4500008004100000020001800041082001700059100002300076245011200099250000800211260004400219300002300263500001900286600001500305650001500320240925s9999 xx 000 0 und d a9780470539798 a658.4012 AXS aAxson, David A. J. 0aBest Practices on Planning and Performance Management: radically rethinking management for a volatile world a3rd aNew Jersey:bJohn wiley & Sonsc,2010. a455p.b0fOriginal aIncludes Index aManagement aManagement